Państwa Świata - Pięć Minut Sprint - Statystyki

Ogólne statystyki
  • Ten quiz został rozwiązany 1 559 razy
  • Średni wynik to 93 z 196
Odpowiedzi na mapie
Odpowiedzi zakodowano w zielono-czerwonej skali na mapie do tego quizu, zgodnie z poniższymi procentami.
 
Statystyki odpowiedzi
Kraj % Poprawnych
Polska
93%
Rosja
93%
Kanada
91%
Francja
90%
Niemcy
89%
Chiny
88%
Hiszpania
88%
Brazylia
86%
Ukraina
86%
Meksyk
85%
Szwecja
85%
Wlochy
85%
Litwa
84%
Portugalia
84%
Stany Zjednoczone
84%
Dania
83%
Norwegia
83%
Finlandia
82%
Lotwa
82%
Czechy
81%
Argentyna
80%
Bialorus
80%
Estonia
80%
Wielka Brytania
80%
Australia
79%
Irlandia
79%
Japonia
78%
Turcja
78%
Indie
77%
Islandia
77%
Słowacja
77%
Grecja
76%
Holandia
76%
Austria
75%
Belgia
75%
Chile
75%
Egipt
74%
Rumunia
72%
Kazachstan
71%
Peru
70%
Szwajcaria
70%
Wegry
68%
Chorwacja
67%
Słowenia
67%
Iran
66%
Irak
65%
Mongolia
65%
Bulgaria
63%
Kolumbia
63%
Kuba
63%
Urugwaj
63%
Albania
61%
Bosnia i Hercegowina
61%
Serbia
61%
Boliwia
60%
Maroko
60%
Watykan
60%
Wenezuela
60%
Oman
59%
Indonezja
58%
Moldawia
58%
Paragwaj
57%
Arabia Saudyjska
56%
Ekwador
56%
Algieria
55%
Madagaskar
55%
Niger
55%
Kosowo
54%
Nowa Zelandia
54%
Czarnogóra
53%
Dominika
53%
Korea Pólnocna
53%
Korea Poludniowa
53%
Andora
52%
Jemen
52%
Luksemburg
52%
Malta
52%
Libia
51%
Panama
51%
San Marino
51%
Monako
50%
Nigeria
50%
Pakistan
50%
Tunezja
50%
Cypr
49%
Izrael
49%
Dominikana
48%
Gruzja
48%
Demokratyczna Republika Konga
47%
Afganistan
46%
Armenia
46%
Gujana
46%
Tajlandia
46%
Wietnam
46%
Filipiny
45%
Haiti
45%
Liechtenstein
45%
Sudan
45%
Czad
44%
Kongo
44%
Surinam
44%
Syria
44%
Jamajka
43%
Honduras
42%
Kostaryka
42%
Uzbekistan
42%
Etiopia
41%
Laos
41%
Liban
41%
Malezja
41%
Nepal
41%
Katar
40%
Mali
40%
Somalia
39%
Azerbejdzan
38%
Gwatemala
38%
Jordania
38%
Kenia
38%
Turkmenistan
38%
Angola
37%
Macedonia Północna
37%
Nikaragua
37%
Sri Lanka
37%
Tadzykistan
37%
Belize
36%
Kambodza
36%
Kirgistan
36%
Bahamy
35%
Salwador
35%
Bhutan
34%
Gwinea
34%
Mjanma
33%
Senegal
33%
Bangladesz
32%
Fidzi
32%
Tajwan
32%
Zambia
32%
Ghana
31%
Kuwejt
31%
Papua-Nowa Gwinea
31%
Mauretania
29%
Togo
29%
Zimbabwe
29%
Zjednoczone Emiraty Arabskie
29%
Palau
28%
Tanzania
28%
Malediwy
27%
Singapur
27%
Erytrea
26%
Republika Poludniowej Afryki
26%
Sudan Poludniowy
26%
Kamerun
25%
Kiribati
25%
Mozambik
25%
Namibia
25%
Nauru
25%
Seszele
25%
Uganda
25%
Bahrajn
24%
Barbados
24%
Botswana
24%
Gambia
24%
Lesotho
24%
Liberia
24%
Mikronezja
24%
Vanuatu
24%
Antigua i Barbuda
23%
Brunei
23%
Gabon
23%
Samoa
23%
Tonga
23%
Tuvalu
23%
Benin
22%
Saint Kitts i Nevis
22%
Saint Lucia
22%
Trynidad i Tobago
22%
Dzibuti
21%
Grenada
21%
Rwanda
21%
Saint Vincent i Grenadyny
21%
Gwinea Bissau
20%
Komory
19%
Malawi
19%
Wyspy Salomona
19%
Burkina Faso
18%
Burundi
18%
Gwinea Równikowa
18%
Mauritius
18%
Wyspy Marshalla
18%
Timor-Leste
17%
Côte d'Ivoire
16%
Sierra Leone
14%
Cabo Verde
13%
Wyspy Swietego Tomasza i Ksiazeca
13%
Republika Srodkowoafrykanska
11%
Suazi
11%
Nie znaleziono quizów pasujących do podanych kryteriów
Rozkład punktacji
Procent ludzi z każdym wynikiem
Percentyl według liczby udzielonych odpowiedzi
Twoja historia wyników
Nie rozwiązałeś tego quizu